2010, hacia un nuevo turismo español : (Registro nro. 28051)
[ vista simple ]
| 000 -LEADER | |
|---|---|
| fixed length control field | 00938cam a2200253 i 4500 |
| 001 - CONTROL NUMBER | |
| control field | 28051 |
| 003 - CONTROL NUMBER IDENTIFIER | |
| control field | Mx-PuUPA |
| 005 - DATE AND TIME OF LATEST TRANSACTION | |
| control field | 20210302091349.0 |
| 008 - FIXED-LENGTH DATA ELEMENTS--GENERAL INFORMATION | |
| fixed length control field | 140415s2002 sp r 000 0 spa d |
| 040 ## - CATALOGING SOURCE | |
| Original cataloging agency | MX-PuUPA |
| Language of cataloging | spa |
| Description conventions | rda |
| Transcribing agency | Mx-PuUPA |
| Modifying agency | Mx-PuUPA |
| 041 0# - LANGUAGE CODE | |
| Language code of text/sound track or separate title | spa |
| 100 1# - MAIN ENTRY--PERSONAL NAME | |
| Personal name | Figuerola Palomo, Manuel, |
| Relator term | autor |
| 9 (RLIN) | 5938 |
| 245 10 - TITLE STATEMENT | |
| Title | 2010, hacia un nuevo turismo español : |
| Remainder of title | una reflexión sobre el futuro / |
| Statement of responsibility, etc. | Manuel Figuerola Palomo. |
| 246 33 - VARYING FORM OF TITLE | |
| Title proper/short title | Dos mil diez, hacia un nuevo turismo español : |
| Remainder of title | una reflexión sobre el futuro. |
| 264 #1 - PRODUCTION, PUBLICATION, DISTRIBUTION, MANUFACTURE, AND COPYRIGHT NOTICE | |
| Place of production, publication, distribution, manufacture | Madrid : |
| Name of producer, publisher, distributor, manufacturer | Federación Española de Hostelería, |
| Date of production, publication, distribution, manufacture, or copyright notice | 2002 |
| 300 ## - PHYSICAL DESCRIPTION | |
| Extent | 164 páginas ; |
| Dimensions | 24 cm. |
| 336 ## - CONTENT TYPE | |
| Content type term | texto |
| Fuente | rdacontent |
| Content type code | txt |
| 337 ## - MEDIA TYPE | |
| Media type term | sin medio |
| Source | rdamedia |
| Media type code | n |
| 338 ## - CARRIER TYPE | |
| Carrier type term | volumen |
| Source | rdacarrier |
| Carrier type code | nc |
| 650 #4 - SUBJECT ADDED ENTRY--TOPICAL TERM | |
| Topical term or geographic name entry element | Turismo |
| Geographic subdivision | España |
| General subdivision | Previsiones |
| 650 #4 - SUBJECT ADDED ENTRY--TOPICAL TERM | |
| Topical term or geographic name entry element | Turismo |
| General subdivision | Planificación |
| Geographic subdivision | España |
| 942 ## - ADDED ENTRY ELEMENTS (KOHA) | |
| Source of classification or shelving scheme | Dewey Decimal Classification |
| Koha item type | Libro |
| Classification part | 338.4791 |
| Item part | F475 |
| Withdrawn status | Lost status | Source of classification or shelving scheme | Damaged status | Not for loan | Collection code | Home library | Current library | Shelving location | Date acquired | Source of acquisition | Total Checkouts | Full call number | Barcode | Date last seen | Price effective from | Koha item type |
|---|---|---|---|---|---|---|---|---|---|---|---|---|---|---|---|---|
| Dewey Decimal Classification | General | Biblioteca Karol Wojtyla | Biblioteca Karol Wojtyla | Sala general | 09/10/2017 | Compra | 338.4791 F475 2002 | 90910 | 05/01/2026 | 09/10/2017 | Libro |